Madden NFL 21 Top 100 Players - Statistics

General Stats
  • This quiz has been taken 3,238 times
    2,996 since last reset
  • The average score is 67 of 100
Answer Stats
Club Position Overall Player % Correct
Los Angeles Rams RE 99 Aaron Donald
98%
Kansas City Chiefs QB 99 Patrick Mahomes
98%
Green Bay Packers WR 99 Davante Adams
97%
Kansas City Chiefs TE 99 Travis Kelce
97%
Arizona Cardinals WR 99 DeAndre Hopkins
95%
Philadelphia Eagles C 93 Jason Kelce
95%
Kansas City Chiefs WR 98 Tyreek Hill
95%
Seattle Seahawks SS 90 Jamal Adams
94%
San Francisco 49ers TE 97 George Kittle
93%
Tampa Bay Buccaneers QB 96 Tom Brady
93%
Green Bay Packers QB 95 Aaron Rodgers
92%
Los Angeles Rams CB 97 Jalen Ramsey
92%
Cleveland Browns RE 98 Myles Garrett
92%
Buffalo Bills WR 97 Stefon Diggs
92%
Atlanta Falcons WR 95 Julio Jones
91%
Green Bay Packers HB 90 Aaron Jones
90%
Arizona Cardinals LOLB 94 Chandler Jones
90%
Kansas City Chiefs DT 92 Chris Jones
90%
Carolina Panthers HB 98 Christian McCaffrey
90%
Tennessee Titans HB 95 Derrick Henry
90%
Cleveland Browns HB 96 Nick Chubb
90%
Miami Dolphins CB 88 Byron Jones
89%
Seattle Seahawks QB 95 Russell Wilson
89%
Seattle Seahawks MLB 96 Bobby Wagner
88%
Houston Texans LE 95 J.J. Watt
88%
New England Patriots CB 99 Stephon Gilmore
88%
Pittsburgh Steelers LOLB 93 T.J. Watt
87%
New Orleans Saints HB 94 Alvin Kamara
86%
Chicago Bears LOLB 97 Khalil Mack
86%
Minnesota Vikings HB 94 Dalvin Cook
85%
New Orleans Saints WR 94 Michael Thomas
85%
Los Angeles Chargers WR 93 Keenan Allen
83%
Baltimore Ravens QB 91 Lamar Jackson
83%
Denver Broncos LOLB 96 Von Miller
83%
Tampa Bay Buccaneers WR 91 Mike Evans
82%
Chicago Bears FS 89 Eddie Jackson
81%
Dallas Cowboys RG 98 Zack Martin
81%
Minnesota Vikings SS 93 Harrison Smith
80%
Dallas Cowboys LT 91 Tyron Smith
80%
Green Bay Packers CB 94 Jaire Alexander
79%
Los Angeles Chargers LE 93 Joey Bosa
79%
San Francisco 49ers RE 90 Nick Bosa
79%
Green Bay Packers LOLB 89 Za'Darius Smith
79%
Dallas Cowboys WR 92 Amari Cooper
78%
Las Vegas Raiders TE 93 Darren Waller
75%
Houston Texans QB 90 Deshaun Watson
75%
Philadelphia Eagles DT 94 Fletcher Cox
75%
Tamba Bay Buccaneers WR 88 Chris Godwin
74%
San Francisco 49ers MLB 92 Fred Warner
74%
Indianapolis Colts LG 95 Quenton Nelson
74%
Seattle Seahawks WR 89 D.K. Metcalf
71%
New York Giants HB 89 Saquon Barkley
71%
Kansas City Chiefs SS 95 Tyrann Mathieu
71%
Las Vegas Raiders HB 90 Josh Jacobs
70%
Buffalo Bills CB 92 Tre'Davious White
70%
New Orleans Saints LE 93 Cameron Jordan
69%
Arizona Cardinals SS 91 Budda Baker
68%
San Francisco 49ers LT 94 Trent Williams
68%
Minnesota Vikings WR 89 Adam Thielen
66%
Cleveland Browns WR 90 Odell Beckham Jr.
66%
Pittsburgh Steelers RE 92 Cameron Heyward
61%
Atlanta Falcons WR 88 Calvin Ridley
60%
Indianapolis Colts DT 91 DeForest Buckner
59%
Los Angeles Chargers SS 89 Derwin James Jr.
59%
Tampa Bay Buccaneers MLB 91 Lavonte David
59%
Green Bay Packers LT 96 David Bakhtiari
58%
Denver Broncos FS 90 Justin Simmons
57%
Baltimore Ravens CB 91 Marlon Humphrey
57%
Miami Dolphins CB 90 Xavien Howard
57%
Cleveland Browns CB 89 Denzel Ward
56%
Chicago Bears WR 90 Allen Robinson II
55%
New England Patriots FS 92 Devin McCourty
53%
Cincinnati Bengals FS 89 Jessie Bates III
53%
New Orleans Saints ROLB 91 Demario Davis
52%
Minnesota Vikings LE 89 Danielle Hunter
51%
Indianapolis Colts LOLB 89 Darius Leonard
47%
Minnesota Vikings MLB 91 Eric Kendricks
47%
Baltimore Ravens RE 92 Calais Campbell
46%
Houston Texans LT 89 Laremy Tunsil
45%
Tamba Bay Buccaneers RT 89 Tristan Wirfs
44%
Baltimore Ravens LT 93 Ronnie Stanley
42%
New Orleans Saints LT 94 Terron Armstead
42%
Atlanta Falcons DT 90 Grady Jarrett
40%
Washington Football Team CB 89 Kendall Fuller
40%
Chicago Bears CB 89 Kyle Fuller
40%
New York Giants CB 90 James Bradberry IV
37%
Green Bay Packers DT 89 Kenny Clark
37%
Green Bay Packers SS 88 Adrian Amos
36%
Las Vegas Raiders C 92 Rodney Hudson
36%
Kansas City Chiefs RT 94 Mitchell Schwartz
30%
Tamba Bay Buccaneers C 89 Ryan Jensen
30%
Philadelphia Eagles RG 92 Brandon Brooks
29%
New Orleans Saints RT 89 Ryan Ramczyk
28%
Chicago Bears LE 88 Akiem Hicks
27%
Los Angeles Chargers RE 89 Melvin Ingram III
25%
Cleveland Browns RG 89 Wyatt Teller
25%
Tampa Bay Buccaneers LG 89 Ali Marpet
23%
Las Vegas Raiders LG 90 Richie Incognito
22%
Minnesota Vikings DT 91 Michael Pierce
18%
Los Angeles Chargers RT 88 Bryan Bulaga
15%
No matching quizzes found
Score Distribution
Percent of People with Each Score
Percentile by Number Answered
Your Score History
You have not taken this quiz since the last reset